000 00957nam0a2200313 4500
001 RU\NLR\bibl\11135
005 20250630110516.0
010 _a5-222-00082-6
_95000
021 _aRU
_b98-24515
_91167
035 _a(NLR Aleph) 000010857
090 _a37295
_c37295
100 _a19981201d1997 |||y0rusy50 ca
101 1 _arus
_cfre
102 _aRU
105 _ay |||||||||
200 1 _aБорджиа
_fИван Клула
_g[Пер. с фр. Пригорницкой С.В.]
210 _aРостов н/Д
_cФеникс
_d1997
215 _a571,[1] с.
_d20
225 1 _aСерия "Исторические силуэты"
225 1 _aСлед в истории
602 _aБорджа (род)
_2psbo
700 1 _aКлула
_bИ.
_gИван
_4070
801 0 _aRU
_bRKP
_c19981201
_gPSBO
801 1 _aRU
_bRKP
_c19981201
801 2 _aRU
_bNLR
_c20110429
_grcr
852 _aNLR
_j98-3/8195
942 _cBOOK
980 _aNB